Acta oeconomica Pragensia vědecký sborník Vysoké školy ekonomické v Praze

Guardado en:
Detalles Bibliográficos
Formato: Seriadas
Lenguaje:checo
inglés
Publicado: Praha Vysoká škola ekonomická v Praze 2000
Materias:
Etiquetas: Agregar Etiqueta
Sin Etiquetas, Sea el primero en etiquetar este registro!

MARC

LEADER 00000nas2a2200000 4500
001 s124585
005 20231103122534.6
022 |a 0572-3043 
041 0 |a cze 
041 0 |a eng 
044 |a CZ 
245 1 0 |a Acta oeconomica Pragensia  |b vědecký sborník Vysoké školy ekonomické v Praze 
264 1 |a Praha  |b Vysoká škola ekonomická v Praze  |c 2000 
300 |a 2 zv. 
773 0 |w eu_un_cat*s120001 
610 2 0 |a školy vysoké 
610 2 0 |a veda ekonomická 
610 2 0 |a teórie ekonomické 
610 2 0 |a výskum ekonomický